00417nam a22001577a 4500003000200000005001700002008004100019020002200060050001800082082001800100100001600118245005300134260003500187300002300222650001400245020250110131100.0240110b xxu||||| |||| 00| 0 eng d a978-0-14-241033-2 aFICbD11 2013 aFICbD11 2013 aDahl, Roald aDanny and the champion of the worldc Roald Dahl aNew YorkbPuffin Bookscc2013. a205 pages ;c20cm. aFiction.